[Event "Titled Tuesday intern op 03rd Sep Early"]
[Site "Chess.com INT"]
[Date "2024.09.03"]
[Round "2"]
[White "Van Baar, Esper"]
[Black "Maximov, Dmitry"]
[Result "0-1"]
[WhiteElo "2237"]
[BlackElo "2489"]
[PlyCount "110"]
[EventDate "2024.09.03"]
[EventType "swiss (blitz)"]
[EventRounds "11"]
[EventCountry "USA"]
[SourceTitle "EXT 2025"]
[Source "ChessBase"]
[SourceDate "2024.10.14"]
[SourceVersion "1"]
[SourceVersionDate "2024.10.14"]
[SourceQuality "1"]

1. e4 c5 2. Nf3 d6 3. Bb5+ Nc6 4. h3 Nf6 5. Qe2 Bd7 6. 0-0 a6 7. Bxc6 Bxc6 8. e5 dxe5 9. Nxe5 Rc8 10. d3 e6 11. Nc3 Be7 12. Nxc6 Rxc6 13. a4 0-0 14. Bg5 h6 15. Bh4 Qd4 16. Bg3 Qb4 17. Ra2 Rd8 18. Ne4 Nxe4 19. Qxe4 Qxe4 20. dxe4 Rd2 21. b3 c4 22. Rb1 c3 23. Bf4 Re2 24. Be3 Bg5 25. Kf1 Rxe3 26. fxe3 Bxe3 27. Ke2 Bd2 28. Rf1 Rd6 29. Kf3 g5 30. Raa1 Kg7 31. Rad1 Rd4 32. Rf2 Kg6 33. g4 Kf6 34. Ke2+ Ke7 35. Kf3 f6 36. Rh2 Kd6 37. h4 Ke5 38. hxg5 hxg5 39. Re2 Rd8 40. Rh1 Rd7 41. Rh8 Bf4 42. Rh1 Rd4 43. Rh7 Rb4 44. Rc7 Bd2 45. Rc5+ Kd6 46. Rc8 b5 47. axb5 axb5 48. Rh2 Bf4 49. Rhh8 Ke5 50. Rhd8 f5 51. Rc6 fxe4+ 52. Ke2 Bc1 53. Rc5+ Kf4 54. Rf8+ Kxg4 55. Rg8 Bf4 0-1

[Event "Amsterdam Science Park op-A"]
[Site "Amsterdam"]
[Date "2024.07.20"]
[Round "8"]
[White "Ritzerveld, Noah"]
[Black "Van Baar, Esper"]
[Result "0-1"]
[WhiteElo "2181"]
[BlackElo "2207"]
[PlyCount "90"]
[EventDate "2024.07.13"]
[EventType "swiss"]
[EventRounds "9"]
[EventCountry "NED"]
[SourceTitle "CBM 221 Extra"]
[Source "ChessBase"]
[SourceDate "2024.09.30"]
[SourceVersion "1"]
[SourceVersionDate "2024.09.30"]
[SourceQuality "1"]

1. e4 e5 2. Nf3 Nc6 3. Bc4 Nf6 4. d3 Bc5 5. c3 d6 6. 0-0 a6 7. a4 Ba7 8. Re1 0-0 9. h3 Be6 10. Nbd2 Qd7 11. Nf1 h6 12. Bxe6 fxe6 13. b4 Nh5 14. Ra2 Qe8 15. Be3 Bxe3 16. Rxe3 Nf4 17. Ng3 d5 18. Qb3 d4 19. cxd4 exd4 20. Re1 Nxh3+ 21. Kh2 Rxf3 22. gxf3 Nf4 23. e5 Qe7 24. Re4 Rf8 25. Kg1 Nxb4 26. Rd2 c5 27. Kf1 Nfd5 28. Rg4 Rxf3 29. Kg2 Rf4 30. Rxf4 Nxf4+ 31. Kg1 Qg5 32. Qd1 Qxe5 33. Qf3 Qe1+ 34. Nf1 Nbd5 35. Rb2 b6 36. Qe4 Qd1 37. Rd2 Qxa4 38. Ne3 Qd7 39. Nxd5 Nxd5 40. Qe5 Qf7 41. f3 Qf6 42. Qb8+ Kh7 43. Rg2 Qxf3 44. Qb7 Qe3+ 45. Kh1 Qe1+ 0-1

[Event "Amsterdam Science Park op-A"]
[Site "Amsterdam"]
[Date "2024.07.19"]
[Round "7"]
[White "Van Baar, Esper"]
[Black "Blees, Albert"]
[Result "1-0"]
[WhiteElo "2207"]
[BlackElo "2307"]
[PlyCount "87"]
[EventDate "2024.07.13"]
[EventType "swiss"]
[EventRounds "9"]
[EventCountry "NED"]
[SourceTitle "CBM 221 Extra"]
[Source "ChessBase"]
[SourceDate "2024.09.30"]
[SourceVersion "1"]
[SourceVersionDate "2024.09.30"]
[SourceQuality "1"]

1. e4 e6 2. d4 d5 3. Nc3 Nf6 4. Bg5 Be7 5. e5 Nfd7 6. Bxe7 Qxe7 7. f4 a6 8. Nf3 c5 9. Qd2 Nc6 10. 0-0-0 0-0 11. h4 f6 12. exf6 Qxf6 13. g3 b5 14. dxc5 Kh8 15. Qe3 Qe7 16. Bh3 Nxc5 17. Ne5 Nxe5 18. Qxe5 Re8 19. Rhe1 Bb7 20. Nxd5 Bxd5 21. Rxd5 Rac8 22. Rd2 b4 23. Kb1 Qf7 24. h5 h6 25. Bf1 a5 26. Bd3 Qb7 27. g4 Qf3 28. Be2 Qg3 29. Rf1 Rf8 30. Rd4 Qg2 31. Rdd1 Qc6 32. Bf3 Qb6 33. Be2 a4 34. g5 Rf5 35. Qe3 b3 36. cxb3 axb3 37. a3 hxg5 38. fxg5 Qb7 39. Rxf5 exf5 40. Bf3 Ne4 41. g6 Kg8 42. Qd4 Kf8 43. h6 Kg8 44. Qd8+ 1-0

[Event "Amsterdam Science Park op-A"]
[Site "Amsterdam"]
[Date "2024.07.18"]
[Round "6"]
[White "Duson, Robin"]
[Black "Van Baar, Esper"]
[Result "0-1"]
[WhiteElo "2148"]
[BlackElo "2207"]
[PlyCount "122"]
[EventDate "2024.07.13"]
[EventType "swiss"]
[EventRounds "9"]
[EventCountry "NED"]
[SourceTitle "CBM 221 Extra"]
[Source "ChessBase"]
[SourceDate "2024.09.30"]
[SourceVersion "1"]
[SourceVersionDate "2024.09.30"]
[SourceQuality "1"]

1. d4 d5 2. c4 c6 3. Nf3 Nf6 4. e3 Bf5 5. Nc3 e6 6. Nh4 Bg6 7. Bd2 Nbd7 8. Be2 Be7 9. Nxg6 hxg6 10. 0-0 Bd6 11. g3 Ne4 12. Nxe4 dxe4 13. f4 exf3 14. Bxf3 Rxh2 15. Kxh2 Qh4+ 16. Kg1 Qxg3+ 17. Bg2 Qh2+ 18. Kf2 Qg3+ 19. Ke2 Qxg2+ 20. Rf2 Qe4 21. Rc1 Nf6 22. Qh1 Ke7 23. Qxe4 Nxe4 24. Rg2 g5 25. Kd3 f5 26. Rh1 Kf6 27. Be1 Kf7 28. b4 a6 29. a4 g4 30. Rb2 Kg6 31. Ke2 Bg3 32. Kf1 e5 33. dxe5 Bxe5 34. Rb3 Rd8 35. Ke2 Re8 36. Rd3 Re7 37. Bh4 Bf6 38. Kf1 Bxh4 39. Rxh4 Kg5 40. Rh8 Nf6 41. Rb8 g3 42. Kg2 Kg4 43. Rd4+ Ne4 44. Rbd8 g5 45. R8d7 Re6 46. Rxb7 Rh6 47. Rf7 Rh2+ 48. Kg1 Rb2 49. c5 Rb1+ 50. Kg2 Rb2+ 51. Kg1 Rb3 52. b5 axb5 53. Rf6 bxa4 54. Rxc6 Rxe3 55. Re6 Kf3 56. Rd1 Rc3 57. c6 Nf2 58. Rf1 Rc4 59. Re5 f4 60. Rxg5 Rxc6 61. Ra5 Rh6 0-1

[Event "Amsterdam Science Park op-A"]
[Site "Amsterdam"]
[Date "2024.07.14"]
[Round "2"]
[White "Aravindhan, Achyuth"]
[Black "Van Baar, Esper"]
[Result "1/2-1/2"]
[WhiteElo "2094"]
[BlackElo "2207"]
[PlyCount "54"]
[EventDate "2024.07.13"]
[EventType "swiss"]
[EventRounds "9"]
[EventCountry "NED"]
[SourceTitle "CBM 221 Extra"]
[Source "ChessBase"]
[SourceDate "2024.09.30"]
[SourceVersion "1"]
[SourceVersionDate "2024.09.30"]
[SourceQuality "1"]

1. e4 e5 2. Nf3 Nc6 3. Bc4 Nf6 4. d4 exd4 5. e5 d5 6. Bb5 Nd7 7. Bxc6 bxc6 8. Nxd4 Nxe5 9. 0-0 Qf6 10. Qe2 Be7 11. h4 h6 12. Re1 Ng6 13. h5 Qxd4 14. hxg6 Qf6 15. Bd2 Be6 16. gxf7+ Kxf7 17. Bc3 Qg6 18. Nd2 Bd6 19. Nf3 Bh3 20. Nh4 Qg4 21. Qf3+ Qxf3 22. Nxf3 Bf5 23. Ne5+ Kg8 24. Nxc6 Kh7 25. Nd4 Bd7 26. Ne6 Rhg8 27. Be5 Bxe5 1/2-1/2

[Event "Titled Tuesday intern op 09th Jul Early"]
[Site "Chess.com INT"]
[Date "2024.07.09"]
[Round "1"]
[White "Van Baar, Esper"]
[Black "Yagupov, Igor"]
[Result "0-1"]
[WhiteElo "2207"]
[BlackElo "2232"]
[PlyCount "84"]
[EventDate "2024.07.09"]
[EventType "swiss (blitz)"]
[EventRounds "11"]
[EventCountry "USA"]
[SourceTitle "EXT 2025"]
[Source "ChessBase"]
[SourceDate "2024.10.14"]
[SourceVersion "1"]
[SourceVersionDate "2024.10.14"]
[SourceQuality "1"]

1. e4 e5 2. Nf3 Nc6 3. Bc4 Bc5 4. d3 Nf6 5. Nc3 h6 6. h3 d6 7. Be3 0-0 8. d4 exd4 9. Nxd4 Bb4 10. Nxc6 bxc6 11. Bd3 Re8 12. Qf3 Qe7 13. 0-0 Bxc3 14. bxc3 Nxe4 15. Rfe1 d5 16. Bxe4 dxe4 17. Qg3 Kh7 18. Bf4 Bf5 19. Bxc7 Qf6 20. Rad1 Re6 21. Qf4 Rc8 22. g4 Bg6 23. Qxf6 Rxf6 24. Be5 Re6 25. Bd4 c5 26. Be3 Ra6 27. Rd5 Rxa2 28. Rxc5 Rxc5 29. Bxc5 a5 30. Bb6 a4 31. Rb1 Rxc2 32. Ra1 Rxc3 33. Kg2 Rc4 34. Ba5 f6 35. Bd2 Be8 36. Ra3 Bc6 37. Be3 Kg6 38. Kg3 h5 39. h4 hxg4 40. Kxg4 Rb4 41. Kg3 Kf5 42. Kg2 Kg4 0-1

[Event "Titled Tuesday intern op 18th Jun Late"]
[Site "Chess.com INT"]
[Date "2024.06.18"]
[Round "10"]
[White "Blanco Diez, David"]
[Black "Van Baar, Esper"]
[Result "1-0"]
[WhiteElo "2308"]
[BlackElo "2207"]
[PlyCount "119"]
[EventDate "2024.06.18"]
[EventType "swiss (blitz)"]
[EventRounds "11"]
[EventCountry "USA"]
[SourceTitle "EXT 2025"]
[Source "ChessBase"]
[SourceDate "2024.10.14"]
[SourceVersion "1"]
[SourceVersionDate "2024.10.14"]
[SourceQuality "1"]

1. Nf3 g6 2. b3 Bg7 3. d4 d5 4. Bb2 Nf6 5. e3 0-0 6. Be2 c6 7. 0-0 Ne4 8. c4 Bg4 9. Nbd2 Nxd2 10. Qxd2 Bxf3 11. Bxf3 e6 12. Rad1 Nd7 13. e4 Nf6 14. e5 Nd7 15. cxd5 cxd5 16. Ba3 Re8 17. Rc1 Rc8 18. Rxc8 Qxc8 19. Rc1 Qd8 20. Bd6 Bf8 21. Qb4 Bxd6 22. Qxd6 Nb6 23. Rc7 Qb8 24. Be2 Rc8 25. Rc5 Qxd6 26. exd6 Rd8 27. Rc7 Rxd6 28. Rxb7 Rd7 29. Rxd7 Nxd7 30. Kf1 f6 31. Ke1 e5 32. Kd2 Kf7 33. Kc3 Ke6 34. b4 Kd6 35. a4 Nb6 36. a5 Nd7 37. b5 h5 38. h4 e4 39. Kb4 f5 40. g3 Ke6 41. Bd1 Kd6 42. Ba4 Nb8 43. b6 axb6 44. axb6 Nc6+ 45. Bxc6 Kxc6 46. b7 Kxb7 47. Kc5 Kc7 48. Kxd5 Kd7 49. Ke5 Ke7 50. d5 Kd7 51. Kf6 Kd6 52. Kxg6 Kxd5 53. Kxf5 Kd4 54. Kf4 Kd5 55. Kg5 Kd4 56. Kxh5 Kd3 57. Kg4 Ke2 58. Kf4 Kxf2 59. Kxe4 Kxg3 60. h5 1-0

[Event "Titled Tuesday intern op 18th Jun Late"]
[Site "Chess.com INT"]
[Date "2024.06.18"]
[Round "11"]
[White "Van Baar, Esper"]
[Black "Carrasco Miranda, Andres"]
[Result "1/2-1/2"]
[WhiteElo "2207"]
[BlackElo "2224"]
[PlyCount "158"]
[EventDate "2024.06.18"]
[EventType "swiss (blitz)"]
[EventRounds "11"]
[EventCountry "USA"]
[SourceTitle "EXT 2025"]
[Source "ChessBase"]
[SourceDate "2024.10.14"]
[SourceVersion "1"]
[SourceVersionDate "2024.10.14"]
[SourceQuality "1"]

1. e4 e5 2. Nf3 Nc6 3. Nc3 Nf6 4. d4 exd4 5. Nxd4 Bb4 6. Nxc6 bxc6 7. Bd3 d5 8. exd5 cxd5 9. 0-0 0-0 10. h3 c6 11. Qf3 Re8 12. Bg5 Be6 13. Ne2 Bd6 14. Nf4 Rb8 15. b3 h6 16. Nxe6 Rxe6 17. Bf4 Bxf4 18. Qxf4 Qd6 19. Qxd6 Rxd6 20. Rfe1 Kf8 21. Re2 Re8 22. Rae1 Rxe2 23. Rxe2 Nd7 24. c3 Nc5 25. Bc2 g6 26. b4 Ne6 27. Bb3 Nf4 28. Re1 g5 29. Kh2 Rf6 30. Bc2 Ne6 31. Kg1 Ke7 32. g3 Kd6 33. Kg2 h5 34. Rb1 c5 35. b5 d4 36. cxd4 Nxd4 37. Bd1 h4 38. a4 Re6 39. a5 Kc7 40. Bh5 f6 41. Rc1 Re5 42. Rb1 hxg3 43. fxg3 Re3 44. b6+ axb6 45. axb6+ Kb8 46. Bf7 Re2+ 47. Kf1 Rh2 48. Bd5 Nc2 49. Kg1 Rd2 50. Bg2 c4 51. Rb2 Rd1+ 52. Kh2 Rd2 53. Ra2 Rxg2+ 54. Kxg2 Nb4 55. Ra4 Nd5 56. Rxc4 Nxb6 57. Rb4 Kc7 58. Kf3 Nd5 59. Rd4 Kd6 60. h4 gxh4 61. gxh4 Ke5 62. Re4+ Kf5 63. Ra4 Ne7 64. Ra5+ Kg6 65. Kg4 Ng8 66. h5+ Kh6 67. Ra8 Kg7 68. Kf5 Nh6+ 69. Ke6 Ng4 70. Ra4 Nh6 71. Rh4 Ng8 72. Rg4+ Kh7 73. Kf7 Nh6+ 74. Kxf6 Nxg4+ 75. Kg5 Nf2 76. Kh4 Ne4 77. h6 Nf6 78. Kh3 Ng8 79. Kh2 Nxh6 1/2-1/2

[Event "Titled Tuesday intern op 18th Jun Early"]
[Site "Chess.com INT"]
[Date "2024.06.18"]
[Round "9"]
[White "Van Baar, Esper"]
[Black "Ranasinghe, Sachini D"]
[Result "1/2-1/2"]
[WhiteElo "2207"]
[BlackElo "1782"]
[PlyCount "186"]
[EventDate "2024.06.18"]
[EventType "swiss (blitz)"]
[EventRounds "11"]
[EventCountry "USA"]
[SourceTitle "EXT 2025"]
[Source "ChessBase"]
[SourceDate "2024.10.14"]
[SourceVersion "1"]
[SourceVersionDate "2024.10.14"]
[SourceQuality "1"]

1. e4 e6 2. d4 d5 3. e5 c5 4. c3 Nc6 5. Nf3 Bd7 6. Be2 Nge7 7. 0-0 Nf5 8. Na3 cxd4 9. cxd4 Qb6 10. Nc2 h5 11. b3 Be7 12. h3 Rc8 13. Bb2 a6 14. Ne3 g6 15. Nxf5 exf5 16. Rc1 Nd8 17. Qd2 Ne6 18. Rxc8+ Bxc8 19. Rc1 Bd7 20. h4 0-0 21. Kh2 Rc8 22. Rxc8+ Bxc8 23. Bc3 Bd7 24. Bd1 Qb5 25. Be2 Qb6 26. g3 Bb5 27. Bd1 Bf1 28. Kg1 Qb5 29. a4 Qd3 30. Qe1 Bh3 31. Kh2 Bg4 32. Kg2 Bxf3+ 33. Bxf3 Nxd4 34. Bxd5 Ne2 35. Bc4 Qxc3 36. Qxe2 Qd4 37. e6 f6 38. Qf3 Qe4 39. Be2 Qxf3+ 40. Bxf3 b6 41. Bb7 a5 42. Kf3 Kf8 43. Ke3 Bc5+ 44. Ke2 Ke7 45. Bd5 Kd6 46. Bc4 Ke5 47. f3 Kd4 48. Bb5 g5 49. hxg5 fxg5 50. Be8 h4 51. gxh4 gxh4 52. Kf2 Ke5+ 53. Kg2 Kxe6 54. Kh3 Be7 55. Bb5 Ke5 56. Bc4 Kf4 57. Bd5 Ke3 58. Bc6 Kd4 59. Bb7 Kc5 60. Ba8 Kb4 61. Bd5 Kc5 62. Be6 Kd4 63. Bxf5 Kc3 64. Be6 Kd4 65. Bc4 Ke5 66. Kg4 Kf6 67. f4 Kg7 68. Kf5 h3 69. Bd5 h2 70. Ke6 Kf8 71. f5 Bh4 72. f6 Bf2 73. Kd7 Bg1 74. Kc6 Bc5 75. Kb5 Bg1 76. Kc4 Bf2 77. b4 axb4 78. Kxb4 Bg1 79. a5 bxa5+ 80. Kxa5 Bd4 81. Kb5 Bxf6 82. Bh1 Kg7 83. Kc4 Kg6 84. Kd3 Kg5 85. Ke2 Kg4 86. Kf1 Kg3 87. Bc6 Be5 88. Bh1 Kf4 89. Bb7 Kg5 90. Bh1 Kf6 91. Bc6 Ke7 92. Bh1 Kd6 93. Kg2 Kc5 1/2-1/2

[Event "Titled Tuesday intern op 18th Jun Late"]
[Site "Chess.com INT"]
[Date "2024.06.18"]
[Round "1"]
[White "Van Baar, Esper"]
[Black "Skotheim, Andreas"]
[Result "1-0"]
[WhiteElo "2207"]
[BlackElo "2225"]
[PlyCount "183"]
[EventDate "2024.06.18"]
[EventType "swiss (blitz)"]
[EventRounds "11"]
[EventCountry "USA"]
[SourceTitle "EXT 2025"]
[Source "ChessBase"]
[SourceDate "2024.10.14"]
[SourceVersion "1"]
[SourceVersionDate "2024.10.14"]
[SourceQuality "1"]

1. e4 c5 2. c3 Nf6 3. e5 Nd5 4. d4 cxd4 5. cxd4 Nc6 6. Nf3 d6 7. Bc4 Nb6 8. Bb5 dxe5 9. Nxe5 Bd7 10. Nxd7 Qxd7 11. 0-0 e6 12. Nc3 a6 13. Bxc6 Qxc6 14. d5 Nxd5 15. Nxd5 Qxd5 16. Qxd5 exd5 17. Re1+ Be7 18. Bf4 Rd8 19. Rac1 Kf8 20. Rc7 Bb4 21. Rd1 b6 22. h4 h5 23. a3 Be7 24. Rb7 b5 25. g3 g5 26. hxg5 Rg8 27. Rb6 Bxg5 28. Bxg5 Rxg5 29. Rxa6 d4 30. Rc6 Re5 31. Rc2 d3 32. Rcd2 Re2 33. Rxd3 Rxd3 34. Rxd3 Rxb2 35. Rd5 Rb3 36. Rxh5 Rxa3 37. Rxb5 Kg7 38. Rg5+ Kf6 39. Rg4 Kf5 40. Rf4+ Kg6 41. Kg2 f5 42. Rf3 Ra2 43. Rd3 Kg5 44. Rd6 Ra3 45. Rd7 Kg6 46. Rd8 Kf6 47. Rg8 Ra2 48. Rh8 Ra3 49. Rh4 Kg6 50. Rf4 Kf6 51. Kh3 Kg5 52. Rd4 Ra1 53. Kg2 Kf6 54. f3 Ke5 55. Rf4 Ra2+ 56. Kh3 Ra1 57. Kh4 Rh1+ 58. Kg5 Rg1 59. Rxf5+ Ke6 60. g4 Ra1 61. Rf6+ Ke7 62. f4 Rg1 63. Rf5 Ke6 64. Re5+ Kf7 65. Ra5 Ke6 66. f5+ Ke7 67. Ra7+ Kf8 68. Kf6 Kg8 69. g5 Rb1 70. g6 Rb6+ 71. Kg5 Rc6 72. f6 Rc8 73. Rd7 Rb8 74. Rg7+ Kh8 75. Re7 Kg8 76. f7+ Kg7 77. Re8 Rb5+ 78. Kf4 Rb4+ 79. Ke3 Rb3+ 80. Kd4 Rf3 81. Rg8+ Kh6 82. f8Q+ Rxf8 83. Rxf8 Kxg6 84. Rf3 Kg5 85. Ke4 Kg4 86. Rf7 Kh4 87. Rg7 Kh3 88. Kf5 Kh2 89. Kf4 Kh1 90. Kf3 Kh2 91. Rg6 Kh3 92. Rh6# 1-0

[Event "Titled Tuesday intern op 11th Jun Early"]
[Site "Chess.com INT"]
[Date "2024.06.11"]
[Round "4"]
[White "Sai, Han Thiha"]
[Black "Van Baar, Esper"]
[Result "1-0"]
[WhiteElo "2123"]
[BlackElo "2207"]
[PlyCount "89"]
[EventDate "2024.06.11"]
[EventType "swiss (blitz)"]
[EventRounds "11"]
[EventCountry "USA"]
[SourceTitle "EXT 2025"]
[Source "ChessBase"]
[SourceDate "2024.10.14"]
[SourceVersion "1"]
[SourceVersionDate "2024.10.14"]
[SourceQuality "1"]

1. Nf3 c5 2. g3 b6 3. Bg2 Bb7 4. c4 g6 5. 0-0 Bg7 6. Nc3 Nf6 7. b3 0-0 8. Bb2 d6 9. d4 cxd4 10. Qxd4 Ne4 11. Qe3 Nxc3 12. Bxc3 Bxc3 13. Qxc3 Nd7 14. Rfd1 Qc7 15. Qe1 Nf6 16. Rac1 Rac8 17. Nd4 Bxg2 18. Kxg2 a6 19. e4 Qb7 20. f3 Rc7 21. a4 Nd7 22. Qe3 Ne5 23. Ra1 Nc6 24. h4 Nxd4 25. Qxd4 h5 26. Qd5 Qxd5 27. Rxd5 a5 28. g4 hxg4 29. fxg4 Rc5 30. Kg3 Kg7 31. Rh1 Rh8 32. Kf4 f6 33. h5 g5+ 34. Ke3 Kh6 35. Rf1 Rhc8 36. e5 Rxd5 37. cxd5 dxe5 38. Ke4 Rc3 39. Kf5 Rxb3 40. Ke6 Rg3 41. Kxe7 Rxg4 42. d6 Rd4 43. d7 Kxh5 44. Rxf6 g4 45. Rd6 1-0

[Event "Titled Tuesday intern op 11th Jun Late"]
[Site "Chess.com INT"]
[Date "2024.06.11"]
[Round "3"]
[White "Vaglio Mattey, Emanuel"]
[Black "Van Baar, Esper"]
[Result "1-0"]
[WhiteElo "2155"]
[BlackElo "2207"]
[PlyCount "31"]
[EventDate "2024.06.11"]
[EventType "swiss (blitz)"]
[EventRounds "11"]
[EventCountry "USA"]
[SourceTitle "EXT 2025"]
[Source "ChessBase"]
[SourceDate "2024.10.14"]
[SourceVersion "1"]
[SourceVersionDate "2024.10.14"]
[SourceQuality "1"]

1. Nf3 g6 2. d4 Bg7 3. Nc3 d6 4. e4 Nf6 5. Bc4 0-0 6. Qe2 Nbd7 7. e5 dxe5 8. dxe5 Ne8 9. e6 fxe6 10. Bxe6+ Kh8 11. Ng5 Nd6 12. h4 Nf6 13. h5 Nxh5 14. Rxh5 gxh5 15. Qxh5 h6 16. Qg6 1-0

[Event "Titled Tuesday intern op 11th Jun Early"]
[Site "Chess.com INT"]
[Date "2024.06.11"]
[Round "5"]
[White "Van Baar, Esper"]
[Black "Shevchuk, Olexandr"]
[Result "1/2-1/2"]
[WhiteElo "2207"]
[BlackElo "2093"]
[PlyCount "184"]
[EventDate "2024.06.11"]
[EventType "swiss (blitz)"]
[EventRounds "11"]
[EventCountry "USA"]
[SourceTitle "EXT 2025"]
[Source "ChessBase"]
[SourceDate "2024.10.14"]
[SourceVersion "1"]
[SourceVersionDate "2024.10.14"]
[SourceQuality "1"]

1. e4 c5 2. c3 d5 3. exd5 Qxd5 4. d4 Nf6 5. Nf3 e6 6. Be3 cxd4 7. cxd4 Bb4+ 8. Nc3 Bd7 9. Bd3 Bb5 10. 0-0 Bxc3 11. bxc3 0-0 12. Bxb5 Qxb5 13. Rb1 Qa6 14. Qb3 b6 15. c4 Nbd7 16. Rfc1 Rac8 17. a4 Ne4 18. Qb5 Qb7 19. a5 Nd6 20. Qb3 Qe4 21. axb6 axb6 22. Ra1 Nf5 23. Qc2 Qxc2 24. Rxc2 Nd6 25. Nd2 Rfd8 26. Kf1 h6 27. Ra7 Nf6 28. Rb2 Nxc4 29. Nxc4 Rxc4 30. Rxb6 Rd7 31. Rbb7 Rxb7 32. Rxb7 Nd5 33. Ke2 Rc3 34. Ra7 Rb3 35. Rd7 Rb2+ 36. Kf3 g5 37. g3 Kg7 38. Ra7 Kg6 39. Ra8 Nf6 40. g4 h5 41. h3 h4 42. Ra5 Nd5 43. Rc5 Nxe3 44. Kxe3 Rb3+ 45. Ke4 Rxh3 46. f4 gxf4 47. Kxf4 Rh1 48. Rg5+ Kf6 49. Rh5 Kg7 50. Rg5+ Kf8 51. Rh5 h3 52. Kg3 Rd1 53. Rxh3 Rd3+ 54. Kh4 Rxd4 55. Ra3 f5 56. Rg3 Kg7 57. Kh5 f4 58. Rg1 Rd2 59. Kg5 f3 60. Kf4 f2 61. Rf1 Ra2 62. Kf3 Kg6 63. Rxf2 Ra3+ 64. Kf4 Ra4+ 65. Ke5 Ra6 66. Rf6+ Kg5 67. Rxe6 Ra5+ 68. Kd6 Kxg4 69. Re5 Ra6+ 70. Ke7 Kf4 71. Re6 Ra7+ 72. Kf6 Ra5 73. Ke7 Rh5 74. Kd6 Rh8 75. Re7 Kf5 76. Re5+ Kf4 77. Re6 Rh1 78. Ke7 Rd1 79. Rd6 Re1+ 80. Re6 Ra1 81. Rf6+ Kg5 82. Rb6 Ra7+ 83. Kd6 Kf6 84. Kc5+ Ke5 85. Kc6 Ra1 86. Rb5+ Ke6 87. Kc5 Rc1+ 88. Kd4 Rd1+ 89. Ke4 Rh1 90. Rb6+ Kd7 91. Rg6 Rh4+ 92. Ke3 Rh3+ 1/2-1/2

[Event "Titled Tuesday intern op 04th Jun Late"]
[Site "Chess.com INT"]
[Date "2024.06.04"]
[Round "4"]
[White "Van Baar, Esper"]
[Black "Dyson, Peter B"]
[Result "1/2-1/2"]
[WhiteElo "2207"]
[BlackElo "1953"]
[PlyCount "138"]
[EventDate "2024.06.04"]
[EventType "swiss (blitz)"]
[EventRounds "11"]
[EventCountry "USA"]
[SourceTitle "EXT 2025"]
[Source "ChessBase"]
[SourceDate "2024.10.14"]
[SourceVersion "1"]
[SourceVersionDate "2024.10.14"]
[SourceQuality "1"]

1. d4 Nf6 2. c4 e6 3. Nc3 Bb4 4. Bd2 0-0 5. e3 Bxc3 6. Bxc3 Ne4 7. Rc1 d6 8. Bd3 Nxc3 9. Rxc3 Qe7 10. Ne2 b6 11. 0-0 c5 12. Be4 Bb7 13. Bxb7 Qxb7 14. dxc5 dxc5 15. Rd3 Qe4 16. b3 Na6 17. Nc3 Qe5 18. a3 h5 19. Qd2 h4 20. h3 Qg5 21. Rd1 Nc7 22. e4 Qxd2 23. R1xd2 Ne8 24. e5 g6 25. Ne4 Ng7 26. Nf6+ Kh8 27. g4 hxg3 28. fxg3 Nf5 29. Kg2 Nd4 30. Rxd4 cxd4 31. Rxd4 Kg7 32. Ne4 Rad8 33. Nd6 f6 34. exf6+ Kxf6 35. b4 Ke7 36. c5 bxc5 37. bxc5 Rd7 38. Rg4 Rg8 39. Kf3 Rxd6 40. cxd6+ Kxd6 41. Ra4 Rg7 42. Ra6+ Kd5 43. Ke3 e5 44. Ra5+ Kd6 45. Ke4 Rc7 46. Ra6+ Kd7 47. Rxg6 Rc3 48. h4 Rxa3 49. h5 Ra1 50. h6 a5 51. g4 Rh1 52. g5 a4 53. Ra6 Rh5 54. Kf5 e4 55. Kg6 Rh4 56. Rxa4 Ke6 57. Kg7 Rg4 58. h7 Rxg5+ 59. Kh6 Rg1 60. h8Q Rh1+ 61. Kg7 Rxh8 62. Kxh8 Kf5 63. Kg7 Kf4 64. Kf6 Kf3 65. Ke5 e3 66. Kd4 e2 67. Ra1 Kf2 68. Kd3 e1Q 69. Rxe1 Kxe1 1/2-1/2

[Event "Titled Tuesday intern op 04th Jun Late"]
[Site "Chess.com INT"]
[Date "2024.06.04"]
[Round "7"]
[White "Van Baar, Esper"]
[Black "Horak, Martin"]
[Result "0-1"]
[WhiteElo "2207"]
[BlackElo "2333"]
[PlyCount "78"]
[EventDate "2024.06.04"]
[EventType "swiss (blitz)"]
[EventRounds "11"]
[EventCountry "USA"]
[SourceTitle "EXT 2025"]
[Source "ChessBase"]
[SourceDate "2024.10.14"]
[SourceVersion "1"]
[SourceVersionDate "2024.10.14"]
[SourceQuality "1"]

1. e4 c5 2. Nf3 Nc6 3. c3 Nf6 4. e5 Nd5 5. d4 cxd4 6. cxd4 d6 7. Bc4 Nb6 8. Bb5 Bd7 9. Nc3 dxe5 10. dxe5 a6 11. Be2 Bg4 12. 0-0 Qxd1 13. Rxd1 e6 14. h3 Bh5 15. Be3 Nd7 16. g4 Bg6 17. Bf4 Bc5 18. Rac1 Rc8 19. Bf1 h5 20. Bg2 hxg4 21. hxg4 Nb6 22. Nb5 Bxf2+ 23. Kxf2 axb5 24. Rc5 Nd5 25. Be3 Nxe3 26. Kxe3 b4 27. Rb5 Rc7 28. Rc1 Ke7 29. Rxb4 Ra8 30. a3 Ra5 31. Rbc4 Rd7 32. R4c3 Nxe5 33. Nxe5 Rxe5+ 34. Kf2 Rd2+ 35. Kg3 Rxb2 36. Rc7+ Kd6 37. Rxb7 Rxg2+ 38. Kxg2 Be4+ 39. Kf2 Bxb7 0-1

[Event "Titled Tuesday intern op 04th Jun Late"]
[Site "Chess.com INT"]
[Date "2024.06.04"]
[Round "1"]
[White "Van Baar, Esper"]
[Black "Makaraci, Tunahan"]
[Result "0-1"]
[WhiteElo "2207"]
[BlackElo "2254"]
[PlyCount "38"]
[EventDate "2024.06.04"]
[EventType "swiss (blitz)"]
[EventRounds "11"]
[EventCountry "USA"]
[SourceTitle "EXT 2025"]
[Source "ChessBase"]
[SourceDate "2024.10.14"]
[SourceVersion "1"]
[SourceVersionDate "2024.10.14"]
[SourceQuality "1"]

1. d4 d5 2. c4 e6 3. Nc3 c5 4. cxd5 exd5 5. Nf3 Nc6 6. g3 Nf6 7. Bg2 cxd4 8. Nxd4 Bc5 9. Nb3 Bb6 10. 0-0 d4 11. Ne4 Nxe4 12. Bxe4 0-0 13. Bf4 Bh3 14. Bg2 Bxg2 15. Kxg2 Qd5+ 16. Kg1 Rfe8 17. Rc1 g5 18. Bd2 d3 19. exd3 Ne5 0-1

[Event "Titled Tuesday intern op 28th May Late"]
[Site "Chess.com INT"]
[Date "2024.05.28"]
[Round "1"]
[White "Sherman, Reem"]
[Black "Van Baar, Esper"]
[Result "1-0"]
[WhiteElo "2346"]
[BlackElo "2207"]
[PlyCount "67"]
[EventDate "2024.05.28"]
[EventType "swiss (blitz)"]
[EventRounds "11"]
[EventCountry "USA"]
[SourceTitle "EXT 2025"]
[Source "ChessBase"]
[SourceDate "2024.10.14"]
[SourceVersion "1"]
[SourceVersionDate "2024.10.14"]
[SourceQuality "1"]

1. h3 d5 2. a3 e5 3. g3 Nf6 4. Bg2 Bd6 5. d3 c5 6. Nc3 Be6 7. e4 dxe4 8. dxe4 0-0 9. Be3 Nc6 10. Nf3 Nd4 11. 0-0 a6 12. Nd2 b5 13. Ne2 Qc8 14. Kh2 Rd8 15. c3 Nxe2 16. Qxe2 Rb8 17. Rad1 b4 18. axb4 cxb4 19. c4 Bc5 20. b3 Bd4 21. Nf3 Bxe3 22. Qxe3 Qc6 23. Nxe5 Qc7 24. f4 a5 25. Nf3 a4 26. f5 Bd7 27. e5 Ne8 28. Ng5 Bc6 29. e6 f6 30. e7 Rd6 31. c5 fxg5 32. cxd6 Nxd6 33. Qe6+ Kh8 34. Qxd6 1-0